|
|
|
|
| LEADER |
00978nam a2200241 a 4500 |
| 001 |
14087941 |
| 008 |
120724s2006 cau b 001 0deng d |
| 010 |
|
|
|a 2005024323
|
| 020 |
|
|
|a 1412909171 (cloth : alk. paper)
|
| 020 |
|
|
|a 141290918X (pbk. : alk. paper)
|
| 040 |
|
|
|a DLC
|c DLC
|d YDX
|d BAKER
|d IXA
|d DLC
|d BD-DhAAL
|
| 082 |
0 |
0 |
|a 300.72
|2 22
|
| 245 |
0 |
0 |
|a Emergent methods in social research /
|c edited by Sharlene Nagy Hesse-Biber, Patricia Leavy.
|
| 260 |
|
|
|a Thousand Oaks :
|b Sage Publications,
|c c2006.
|
| 300 |
|
|
|a xxxii, 412 p. ;
|c 24 cm.
|
| 504 |
|
|
|a Includes bibliographical references and index.
|
| 541 |
|
|
|a 00025668
|
| 650 |
|
0 |
|a Social sciences
|x Research
|x Methodology.
|
| 700 |
1 |
|
|a Hesse-Biber, Sharlene Nagy.
|
| 700 |
1 |
|
|a Leavy, Patricia,
|d 1975-
|
| 852 |
1 |
|
|a Ayesha Abed Library
|j General shelf
|
| 999 |
|
|
|c 12618
|d 12618
|
| 952 |
|
|
|0 0
|1 0
|2 ddc
|4 0
|6 300_720000000000000_EME
|7 0
|9 20812
|a BDI
|b BDI
|c GEN
|d 2012-07-24
|e BDI
|l 0
|o 300.72 EME
|p 3050025668
|r 2012-07-24
|t 1
|w 2012-07-24
|y BK
|